LEADER 01120nam a2200229 u 4500 001 000000010036 003 CaOOAMICUS 005 20070226105254.0 008 940615s1965 it abcf u000 u ita u 035 $a10249648 040 $aPUL(R)$bita 100 1 $aBortone, Fernando,$cS.I.$0(OLS)http://pul/name/9886 245 10$aP. Matteo Ricci S.I., il "saggio d'Occidente" :$bun grande italiano nella Cina impenetrabile (1552-1610) /$cFernando Bortone. 250 $a2. ed. notevolmente ampliata. 260 $aRoma :$bDesclée :$bEditori pontifici,$c1965. 300 $axxi, 479 p., 28 c. di tav :$bill., ritr., c. geogr. ;$c25 cm 600 14$aRicci, Matteo,$cS.I.,$d1552-1610.$0(OLS)http://pul/subject/8113 850 $aPUL 852 $aPUL$W1$xDP1 Fondo Pastorale$y55$mP7 B 12$j14243$nBK-PRI$b $qFondi$B14243$CPULBib$Z2$F14243 $H $81 941 1 $a1 996 $6245$aP. Matteo Ricci S.I., il "saggio d'Occidente" :$bun grande italiano nella Cina impenetrabile (1552-1610)$9(OLS)http://pul/title/14687 996 $6260$aRoma :$bDesclée :$bEditori pontifici$9(OLS)http://pul/publisher/52708 LEADER 01222nam a2200241 u 4500 001 000000077690 003 CaOOAMICUS 005 20070226123340.0 008 040223s1849 fr u000 u fre u 035 $a10985020 040 $aPUL(R)$bita 100 1 $aGlanville, L. de.$0(OLS)http://pul/name/51648 245 10$aNomes des églises consacrées sous l'épiscopat d'Eude Rigaud, archevêque de Rouen, entre les années 1248 et 1268, recueilles dans les registres de ses visites publié par M. Bonnin /$cpar L. de Glanville .. 260 $aParis :$bDerache,$c1849. 300 $a13 p. ;$c21 cm 504 $aBibliografia in nota. 650 4$aChiese$zFrancia.$0(OLS)http://pul/subject/24754 850 $aPUL 852 $aPUL$W1$xDP1 Antico 800$y27$m140 C 51$j99741$nBK-PRI$b $qStampati Antico$B99750$CPULBib$Z2$F99750 $H $81 941 1 $a15 961 $aINV: Rilegato con altre opere. 996 $6245$aNomes des églises consacrées sous l'épiscopat d'Eude Rigaud, archevêque de Rouen, entre les années 1248 et 1268, recueilles dans les registres de ses visites publié par M. Bonnin$9(OLS)http://pul/title/101871 996 $6260$aParis :$bDerache$9(OLS)http://pul/publisher/75175